[Event "SLO-chT (Women)"]
[Site "Bled"]
[Date "2005.11.11"]
[Round "6"]
[White "Marusic, Nada"]
[Black "Orehek, Spela"]
[Result "1-0"]
[WhiteElo "1979"]
[BlackElo "1753"]
[PlyCount "61"]
[EventDate "2005.11.03"]
[EventType "team"]
[EventRounds "9"]
[EventCountry "SLO"]
[SourceTitle "CBM 109 Extra"]
[Source "ChessBase"]
[SourceDate "2006.01.03"]
[SourceVersion "2"]
[SourceVersionDate "2006.01.03"]
[SourceQuality "1"]

1. d4 d5 2. c4 e6 3. Nc3 Nf6 4. Nf3 c5 5. e3 Nc6 6. cxd5 Nxd5 7. e4 Nxc3 8. bxc3 Be7 9. Be2 0-0 10. 0-0 b6 11. Bb2 Bb7 12. d5 exd5 13. exd5 Na5 14. c4 Bf6 15. Qc2 Ba6 16. Nd2 Re8 17. Bd3 Bxb2 18. Qxb2 Qh4 19. Qc2 h6 20. Rfe1 Qd4 21. Rad1 Nb7 22. Nf3 Qf6 23. Rxe8+ Rxe8 24. Qa4 Nd6 25. Qxa6 Re7 26. Qa4 Nf5 27. Bxf5 Qxf5 28. h3 Kh7 29. d6 Rd7 30. Ne5 Rd8 31. Nc6 1-0

[Event "BIH-chT (Women)"]
[Site "Neum"]
[Date "2005.06.09"]
[Round "6"]
[White "Rapport, Jovana"]
[Black "Marusic, Nada"]
[Result "1-0"]
[WhiteElo "1952"]
[BlackElo "1995"]
[PlyCount "87"]
[EventDate "2005.06.04"]
[EventType "team"]
[EventRounds "7"]
[EventCountry "BIH"]
[SourceTitle "CBM 106 Extra"]
[Source "ChessBase"]
[SourceDate "2005.07.01"]
[SourceVersion "1"]
[SourceVersionDate "2005.07.01"]
[SourceQuality "1"]

1. d4 Nf6 2. Nf3 c5 3. dxc5 Nc6 4. a3 Qa5+ 5. Nbd2 Qxc5 6. b4 Qc3 7. Rb1 Nd4 8. Nxd4 Qxd4 9. Bb2 Qf4 10. e3 Qg5 11. Nf3 Qh5 12. Be2 Qg6 13. 0-0 d6 14. Bd3 Qh6 15. Bb5+ Nd7 16. c4 e6 17. c5 a6 18. Bxd7+ Bxd7 19. cxd6 Bb5 20. Qd4 Rd8 21. Rfd1 Bxd6 22. Qb6 Bc6 23. Be5 Be7 24. Bg3 0-0 25. Ne5 Bd5 26. Rbc1 Bf6 27. Ng4 Qg6 28. Nxf6+ Qxf6 29. Rd2 Bc6 30. Bd6 Rfe8 31. Rcd1 Qg6 32. f3 Bxf3 33. Bg3 Rxd2 34. Rxd2 Bc6 35. a4 h6 36. Bc7 Qb1+ 37. Kf2 Qc1 38. Re2 Qh1 39. Kg3 Qd1 40. Ra2 Qe1+ 41. Rf2 Qd1 42. a5 f5 43. Qd4 Be4 44. Qxd1 1-0

[Event "Banja Luka op"]
[Site "Banja Luka"]
[Date "2004.12.11"]
[Round "8"]
[White "Talic, Miro"]
[Black "Marusic, Nada"]
[Result "1/2-1/2"]
[WhiteElo "2237"]
[BlackElo "1986"]
[PlyCount "21"]
[EventDate "2004.12.04"]
[EventType "swiss"]
[EventRounds "9"]
[EventCountry "BIH"]
[SourceTitle "CBM 103 Extra"]
[Source "ChessBase"]
[SourceDate "2005.01.01"]
[SourceVersion "1"]
[SourceVersionDate "2005.01.01"]
[SourceQuality "1"]

1. Nf3 Nf6 2. c4 c5 3. g3 b6 4. Bg2 Bb7 5. Nc3 e6 6. 0-0 a6 7. e3 Be7 8. d4 cxd4 9. exd4 d5 10. Ne5 Nbd7 11. Qa4 1/2-1/2

[Event "Banja Luka op"]
[Site "Banja Luka"]
[Date "2004.12.08"]
[Round "5"]
[White "Simic, Zeljko"]
[Black "Marusic, Nada"]
[Result "1-0"]
[WhiteElo "2179"]
[BlackElo "1986"]
[PlyCount "55"]
[EventDate "2004.12.04"]
[EventType "swiss"]
[EventRounds "9"]
[EventCountry "BIH"]
[SourceTitle "CBM 103 Extra"]
[Source "ChessBase"]
[SourceDate "2005.01.01"]
[SourceVersion "1"]
[SourceVersionDate "2005.01.01"]
[SourceQuality "1"]

1. e4 e6 2. d4 d5 3. e5 c5 4. c3 Nc6 5. Nf3 Qb6 6. a3 a5 7. Bd3 Bd7 8. Bc2 f6 9. 0-0 0-0-0 10. dxc5 Bxc5 11. b4 Be7 12. Be3 Qc7 13. exf6 Bxf6 14. Nd4 Nxd4 15. cxd4 Bb5 16. Bd3 Bxd3 17. Qxd3 Kb8 18. Rc1 Qb6 19. Nc3 Ne7 20. bxa5 Qxa5 21. Bf4+ Ka8 22. Rab1 Nc6 23. Rb4 Nxb4 24. axb4 Qa6 25. Qd1 Rc8 26. b5 Qa3 27. Ra1 Rxc3 28. Qa4+ 1-0

[Event "SLO-ch (Women)"]
[Site "Maribor"]
[Date "2004.07.03"]
[Round "8"]
[White "Krivec, Jana"]
[Black "Marusic, Nada"]
[Result "0-1"]
[WhiteElo "2292"]
[BlackElo "1983"]
[PlyCount "104"]
[EventDate "2004.06.28"]
[EventType "swiss"]
[EventRounds "9"]
[EventCountry "SLO"]
[SourceTitle "EXT 2009"]
[Source "ChessBase"]
[SourceDate "2008.11.26"]
[SourceVersion "1"]
[SourceVersionDate "2008.11.26"]
[SourceQuality "1"]

1. e4 e6 2. d4 d5 3. e5 c5 4. c3 b6 5. Bd3 Ne7 6. Ne2 Nec6 7. Nd2 Qc7 8. 0-0 Nd7 9. Nf3 Bb7 10. b3 0-0-0 11. Ng5 Ndb8 12. Nxh7 Ba6 13. Bxa6+ Nxa6 14. Ng5 Re8 15. Bf4 Qd7 16. dxc5 f6 17. Nf3 Nxc5 18. Ned4 g5 19. Bg3 g4 20. Nh4 f5 21. Ng6 Rh6 22. Nxf8 Rxf8 23. Bf4 Rh7 24. Nxc6 Qxc6 25. Rc1 Rg8 26. Qd4 Rd7 27. c4 Kb7 28. b4 Na4 29. c5 Rc7 30. Rb1 Qb5 31. Rfc1 Rc6 32. cxb6 Rxc1+ 33. Rxc1 Nxb6 34. Qc3 Nc4 35. Qb3 Qb6 36. Qd3 Rd8 37. a4 Rc8 38. Rb1 Qc7 39. a5 Ka8 40. Qd4 Na3 41. Rd1 Nc2 42. Qd2 Qc4 43. Rb1 Nd4 44. Kh1 Nb3 45. Qe3 Nd4 46. h4 gxh3 47. gxh3 Nc2 48. Qd2 Qe4+ 49. Kh2 Nd4 50. Qe3 Nf3+ 51. Kg2 Rg8+ 52. Bg3 Nh4+ 0-1

[Event "SLO-ch (Women)"]
[Site "Maribor"]
[Date "2004.07.01"]
[Round "6"]
[White "Ahmatovic, Mirela"]
[Black "Marusic, Nada"]
[Result "1-0"]
[WhiteElo "1984"]
[BlackElo "1983"]
[PlyCount "127"]
[EventDate "2004.06.28"]
[EventType "swiss"]
[EventRounds "9"]
[EventCountry "SLO"]
[SourceTitle "EXT 2009"]
[Source "ChessBase"]
[SourceDate "2008.11.26"]
[SourceVersion "1"]
[SourceVersionDate "2008.11.26"]
[SourceQuality "1"]

1. e4 e6 2. d4 d5 3. Nc3 Bb4 4. e5 Ne7 5. Bd2 c5 6. Nb5 Bxd2+ 7. Qxd2 cxd4 8. Nd6+ Kf8 9. Qxd4 Nf5 10. Nxf5 exf5 11. Qc5+ Kg8 12. Rd1 Be6 13. Nf3 Nd7 14. Qd6 g6 15. c3 Kg7 16. Nd4 Re8 17. Bb5 Re7 18. c4 a6 19. Bxd7 Qxd7 20. cxd5 Bxd5 21. Qxd5 Qxd5 22. Nxf5+ gxf5 23. Rxd5 Rc8 24. 0-0 Rc2 25. Rb1 Rec7 26. Kf1 R7c6 27. a3 Rb6 28. b4 Ra2 29. Rd3 Rc6 30. Rg3+ Kh6 31. Re3 Kg5 32. g3 Rc4 33. b5 a5 34. Rbe1 Rb2 35. e6 fxe6 36. Rxe6 Rxb5 37. Rd6 Rb2 38. Kg2 Rc7 39. h4+ Kh5 40. Rd5 Rf7 41. Rxa5 Kg4 42. Ra4+ f4 43. Ree4 h6 44. Rxf4+ Rxf4 45. Rxf4+ Kh5 46. Rb4 Ra2 47. a4 b6 48. Rxb6 Rxa4 49. Rb5+ Kg6 50. Kh3 Ra1 51. Kg4 Ra6 52. f4 Rf6 53. f5+ Kh7 54. Rb7+ Kh8 55. Kh5 Kg8 56. g4 Kh8 57. Rb5 Kh7 58. g5 hxg5 59. hxg5 Rf8 60. Rb7+ Kh8 61. f6 Kg8 62. Kg6 Rd8 63. Rg7+ Kh8 64. Rh7+ 1-0

[Event "SLO-ch (Women)"]
[Site "Maribor"]
[Date "2004.06.30"]
[Round "4"]
[White "Marusic, Nada"]
[Black "Svent, Suzana"]
[Result "0-1"]
[WhiteElo "1983"]
[BlackElo "1997"]
[PlyCount "92"]
[EventDate "2004.06.28"]
[EventType "swiss"]
[EventRounds "9"]
[EventCountry "SLO"]
[SourceTitle "EXT 2009"]
[Source "ChessBase"]
[SourceDate "2008.11.26"]
[SourceVersion "1"]
[SourceVersionDate "2008.11.26"]
[SourceQuality "1"]

1. d4 Nf6 2. c4 g6 3. Nc3 Bg7 4. e4 d6 5. f4 0-0 6. Nf3 Bg4 7. h3 Bxf3 8. Qxf3 Nc6 9. Qd3 Nh5 10. Ne2 e6 11. a3 f5 12. exf5 exf5 13. Bd2 Nf6 14. 0-0-0 Ne4 15. Be3 Na5 16. g4 c5 17. dxc5 dxc5 18. Qc2 Qf6 19. Nc3 Nxc3 20. bxc3 Qxc3 21. Qxc3 Bxc3 22. Bxc5 Nb3+ 23. Kc2 Nxc5 24. Kxc3 Ne4+ 25. Kb4 Nf2 26. Bg2 Nxh1 27. Bxh1 Rad8 28. Bd5+ Kg7 29. Rf1 fxg4 30. hxg4 Rf6 31. a4 b6 32. Kb5 a5 33. g5 Rfd6 34. Re1 Kf8 35. Rf1 Kg7 36. Re1 Kf8 37. Rf1 Rc8 38. f5 Rc5+ 39. Ka6 b5+ 40. Kb7 bxc4 41. fxg6+ Kg7 42. Be4 hxg6 43. Rc1 c3 44. Rc2 Rd2 45. Kb6 Rxc2 46. Bxc2 Rxg5 0-1

[Event "BIH-chT (Women)"]
[Site "Neum"]
[Date "2004.05.30"]
[Round "2"]
[White "Kisova, Petra"]
[Black "Marusic, Nada"]
[Result "0-1"]
[WhiteElo "2110"]
[BlackElo "1983"]
[PlyCount "84"]
[EventDate "2004.05.??"]
[EventType "team"]
[EventRounds "7"]
[EventCountry "BIH"]
[SourceTitle "CBM 100 Extra"]
[Source "ChessBase"]
[SourceDate "2004.07.06"]
[SourceVersion "2"]
[SourceVersionDate "2004.07.06"]
[SourceQuality "1"]

1. d4 Nf6 2. c4 c5 3. d5 b5 4. cxb5 a6 5. bxa6 Bxa6 6. Nc3 g6 7. Nf3 Bg7 8. g3 d6 9. Bg2 0-0 10. 0-0 Nbd7 11. Rb1 Qc7 12. Re1 Rfb8 13. Qc2 Nb6 14. e4 Nfd7 15. b3 c4 16. b4 Bxc3 17. Qxc3 Na4 18. Qc2 Bb5 19. Nd4 Ne5 20. Bf1 Qb6 21. Be3 Qa6 22. f4 Ng4 23. Nxb5 Nxe3 24. Rxe3 Qxb5 25. Bxc4 Qb6 26. Qb3 Rc8 27. Kf2 Qd4 28. Bd3 Nc3 29. Rb2 Nd1+ 30. Qxd1 Qxb2+ 31. Qe2 Qxb4 32. Ba6 Rc3 33. Rxc3 Qxc3 34. Bc4 Rb8 35. Bb3 Rb4 36. e5 Rd4 37. exd6 exd6 38. Qe8+ Kg7 39. Kg2 Rd2+ 40. Kh3 Qf3 41. Qe7 Qg2+ 42. Kg4 Qxh2 0-1

[Event "BIH-chT (Women)"]
[Site "Neum"]
[Date "2004.05.29"]
[Round "1"]
[White "Marusic, Nada"]
[Black "Benderac, Ana"]
[Result "0-1"]
[WhiteElo "1983"]
[BlackElo "2299"]
[PlyCount "80"]
[EventDate "2004.05.??"]
[EventType "team"]
[EventRounds "7"]
[EventCountry "BIH"]
[SourceTitle "CBM 100 Extra"]
[Source "ChessBase"]
[SourceDate "2004.07.06"]
[SourceVersion "2"]
[SourceVersionDate "2004.07.06"]
[SourceQuality "1"]

1. d4 Nf6 2. c4 e5 3. dxe5 Ng4 4. Nf3 Bc5 5. e3 Nc6 6. a3 a5 7. Be2 Ngxe5 8. Nxe5 Nxe5 9. b3 Qf6 10. Ra2 Qg6 11. Qd5 d6 12. Nc3 c6 13. Qe4 Bf5 14. Qf4 Qxg2 15. Rf1 Bd3 16. Qg3 Qxg3 17. hxg3 f5 18. Na4 Ba7 19. Bb2 Bb1 20. Ra1 Bc2 21. Bd1 Nd3+ 22. Ke2 Bxd1+ 23. Kxd3 Bxb3 24. Nc3 d5 25. cxd5 cxd5 26. Rh1 0-0 27. Kd2 d4 28. Ne2 dxe3+ 29. fxe3 Rac8 30. Rac1 Bc4 31. Nd4 b5 32. Rhg1 g6 33. Rc2 a4 34. Rgc1 Rce8 35. Bc3 Re4 36. Rg1 Rfe8 37. Re1 Bb8 38. Nf3 Bxg3 39. Rh1 Rxe3 40. Ne5 Re2+ 0-1

[Event "SLO-ch (Women)"]
[Site "Bled"]
[Date "2003.08.08"]
[Round "7"]
[White "Mihevc Mohr, Narcisa"]
[Black "Marusic, Nada"]
[Result "1-0"]
[WhiteElo "2147"]
[BlackElo "1981"]
[PlyCount "75"]
[EventDate "2003.08.03"]
[EventType "swiss"]
[EventRounds "9"]
[EventCountry "SLO"]
[SourceTitle "CBM 095 Extra"]
[Source "ChessBase"]
[SourceDate "2003.09.04"]
[SourceVersion "1"]
[SourceVersionDate "2003.09.04"]
[SourceQuality "1"]

1. e4 e6 2. d4 d5 3. Nd2 Nf6 4. e5 Nfd7 5. Bd3 c5 6. c3 Nc6 7. Ngf3 Qb6 8. 0-0 cxd4 9. cxd4 Nxd4 10. Nxd4 Qxd4 11. Nf3 Qb6 12. Qa4 Be7 13. Qg4 g6 14. Be3 Bc5 15. Qf4 Bxe3 16. fxe3 h6 17. Nd4 Rf8 18. Nb5 g5 19. Qg3 a6 20. Nd6+ Ke7 21. h4 f6 22. hxg5 hxg5 23. exf6+ Nxf6 24. Nxc8+ Raxc8 25. Rf2 Rg8 26. Raf1 Rcf8 27. b3 Nh5 28. Qe5 Rxf2 29. Rxf2 Qd6 30. Rf7+ Kxf7 31. Qxd6 Rg7 32. e4 Nf4 33. Bc2 dxe4 34. Bxe4 Kf6 35. g3 Nh5 36. Qd4+ Kf7 37. Kg2 Nf6 38. Bxb7 1-0

[Event "SLO-ch (Women)"]
[Site "Bled"]
[Date "2003.08.04"]
[Round "3"]
[White "Marusic, Nada"]
[Black "Srebrnic, Ana"]
[Result "0-1"]
[WhiteElo "1981"]
[BlackElo "2243"]
[PlyCount "132"]
[EventDate "2003.08.03"]
[EventType "swiss"]
[EventRounds "9"]
[EventCountry "SLO"]
[SourceTitle "CBM 095 Extra"]
[Source "ChessBase"]
[SourceDate "2003.09.04"]
[SourceVersion "1"]
[SourceVersionDate "2003.09.04"]
[SourceQuality "1"]

1. d4 d6 2. c4 e5 3. dxe5 dxe5 4. Qxd8+ Kxd8 5. e4 c6 6. Nc3 Be6 7. Be3 Nd7 8. 0-0-0 Kc7 9. f4 f6 10. Nf3 Bd6 11. f5 Bf7 12. a3 a5 13. g4 g6 14. Rg1 a4 15. Rg2 Nc5 16. Kb1 Nb3 17. Nd2 Bc5 18. Bxc5 Nxc5 19. Nf3 Rd8 20. Rxd8 Kxd8 21. g5 Ke7 22. gxf6+ Kxf6 23. Rd2 Nh6 24. Nh4 Kg5 25. fxg6 hxg6 26. Nf3+ Kf6 27. h3 Be6 28. Rf2 Bd7 29. Ne1+ Kg7 30. Rd2 Rf8 31. Bg2 Be6 32. Nf3 Nf7 33. Bf1 Ng5 34. Nxg5 Rxf1+ 35. Rd1 Rxd1+ 36. Nxd1 Bxc4 37. Nf2 Be2 38. Kc2 Kf6 39. h4 Ne6 40. Nxe6 Kxe6 41. Nh3 Kd6 42. Kc3 b5 43. Ng5 Bc4 44. Nf3 c5 45. Ng5 Bb3 46. Nh7 Ke7 47. Ng5 Bd1 48. Nh7 Bf3 49. Ng5 Bg2 50. Kd3 Bf1+ 51. Kc3 Be2 52. Kd2 Bc4 53. Kc3 Be6 54. Nf3 Kf6 55. Ng5 Bc8 56. Nh7+ Ke7 57. Ng5 Bb7 58. Kd3 Bc6 59. Kc3 Bd7 60. Nf3 Kd6 61. Ng5 Be6 62. Nf3 Ba2 63. Ng5 Bb1 64. Kd2 b4 65. Kc1 Ba2 66. Nf7+ Bxf7 0-1

[Event "SLO-chT (Women)"]
[Site "Skofja Loka"]
[Date "2002.11.29"]
[Round "1"]
[White "Srebrnic, Ana"]
[Black "Marusic, Nada"]
[Result "1-0"]
[WhiteElo "2241"]
[BlackElo "2012"]
[PlyCount "89"]
[EventDate "2002.11.29"]
[EventType "team"]
[EventRounds "7"]
[EventCountry "SLO"]
[SourceTitle "EXT 2005"]
[Source "ChessBase"]
[SourceDate "2004.11.15"]
[SourceVersion "1"]
[SourceVersionDate "2004.11.15"]
[SourceQuality "1"]

1. Nf3 Nf6 2. c4 c5 3. Nc3 e6 4. g3 b6 5. Bg2 Bb7 6. 0-0 Be7 7. b3 d6 8. Bb2 a6 9. e3 Nbd7 10. Ne1 Bxg2 11. Nxg2 Qc7 12. f4 0-0 13. f5 e5 14. e4 Qb7 15. d3 b5 16. Qe2 Rab8 17. g4 h6 18. h4 b4 19. Nd1 Nh7 20. Bc1 f6 21. Ne1 Qc8 22. Rf2 Qe8 23. Rg2 Rf7 24. Nf3 Qd8 25. Nf2 Kf8 26. Nh3 Ke8 27. g5 fxg5 28. hxg5 hxg5 29. Bxg5 Ndf6 30. Nh4 Kd7 31. Ng6 Kc6 32. a3 a5 33. axb4 cxb4 34. Qe1 Qc7 35. Rga2 Bd8 36. Qe2 Qb7 37. Be3 Bb6 38. c5 Bc7 39. cxd6 Kxd6 40. d4 exd4 41. e5+ Kd5 42. Nhf4+ Ke4 43. Qd3+ Kf3 44. Bf2+ Kg4 45. Qh3+ 1-0

[Event "SLO-ch (Women)"]
[Site "Dobrna"]
[Date "2002.08.04"]
[Round "2"]
[White "Kosir, Pavla"]
[Black "Marusic, Nada"]
[Result "1-0"]
[WhiteElo "2005"]
[BlackElo "2012"]
[PlyCount "38"]
[EventDate "2002.08.03"]
[EventType "k.o."]
[EventRounds "5"]
[EventCountry "SLO"]
[SourceTitle "CBM 089 Extra"]
[Source "ChessBase"]
[SourceDate "2002.09.10"]
[SourceVersion "2"]
[SourceVersionDate "2002.09.10"]
[SourceQuality "1"]

1. d4 Nf6 2. c4 e6 3. Nc3 d5 4. Bg5 Be7 5. Nf3 c6 6. e3 Nbd7 7. Rc1 0-0 8. Be2 a6 9. 0-0 dxc4 10. Bxc4 b5 11. Bd3 h6 12. Bh4 Nd5 13. Bg3 c5 14. a3 c4 15. Bb1 Bb7 16. Qe2 Nxc3 17. Rxc3 Nf6 18. e4 Qb6 19. Ne5 Rfd8 1-0

[Event "SLO-ch (Women)"]
[Site "Dobrna"]
[Date "2002.08.04"]
[Round "2"]
[White "Marusic, Nada"]
[Black "Kosir, Pavla"]
[Result "0-1"]
[WhiteElo "2012"]
[BlackElo "2005"]
[PlyCount "24"]
[EventDate "2002.08.03"]
[EventType "k.o."]
[EventRounds "5"]
[EventCountry "SLO"]
[SourceTitle "CBM 089 Extra"]
[Source "ChessBase"]
[SourceDate "2002.09.10"]
[SourceVersion "2"]
[SourceVersionDate "2002.09.10"]
[SourceQuality "1"]

1. d4 Nf6 2. Nf3 e6 3. c4 d5 4. Nc3 c6 5. e3 Be7 6. b3 0-0 7. Bd3 Re8 8. 0-0 g6 9. e4 dxe4 10. Nxe4 Nxe4 11. Bxe4 f5 12. Bc2 Bf6 0-1

[Event "BIH-chT (Women)"]
[Site "Neum"]
[Date "2002.06.05"]
[Round "4"]
[White "Jelica, Mara"]
[Black "Marusic, Nada"]
[Result "1-0"]
[WhiteElo "2205"]
[BlackElo "2012"]
[PlyCount "61"]
[EventDate "2002.06.02"]
[EventType "team"]
[EventRounds "7"]
[EventCountry "BIH"]
[SourceTitle "EXT 2004"]
[Source "ChessBase"]
[SourceDate "2003.11.25"]
[SourceVersion "1"]
[SourceVersionDate "2003.11.25"]
[SourceQuality "1"]

1. e4 e6 2. d4 d5 3. Nd2 Nf6 4. e5 Nfd7 5. f4 c5 6. c3 Nc6 7. Ndf3 Qb6 8. Ne2 f6 9. g3 cxd4 10. cxd4 Bb4+ 11. Bd2 0-0 12. Bh3 Ne7 13. Bxe6+ Qxe6 14. Bxb4 fxe5 15. dxe5 Re8 16. Ng5 Qc6 17. Rc1 Qb5 18. Bxe7 Rxe7 19. Nc3 Qa5 20. Qxd5+ Qxd5 21. Nxd5 Re8 22. Nc7 Nxe5 23. Nxe8 Nd3+ 24. Kd2 Nxc1 25. Nc7 Nb3+ 26. axb3 Rb8 27. Re1 Bd7 28. Re7 Bc6 29. Nce6 h6 30. Rxg7+ Kh8 31. Nf7# 1-0

[Event "SLO-chT (Women)"]
[Site "Bled"]
[Date "2001.11.23"]
[Round "3"]
[White "Marusic, Nada"]
[Black "Ankerst, Milka"]
[Result "1-0"]
[WhiteElo "2003"]
[BlackElo "2138"]
[PlyCount "101"]
[EventDate "2001.11.18"]
[EventType "team"]
[EventRounds "5"]
[EventCountry "SLO"]
[SourceTitle "EXT 2003"]
[Source "ChessBase"]
[SourceDate "2002.11.25"]
[SourceVersion "1"]
[SourceVersionDate "2002.11.25"]
[SourceQuality "1"]

1. d4 Nf6 2. c4 e6 3. Nc3 d5 4. e3 Be7 5. Nf3 0-0 6. Bd3 dxc4 7. Bxc4 c5 8. 0-0 Nc6 9. dxc5 Bxc5 10. Qe2 a6 11. Rd1 Qc7 12. Bd3 b5 13. a3 Bb7 14. b4 Be7 15. Bb2 Rac8 16. Ne4 Nxe4 17. Bxe4 Bf6 18. Bxf6 gxf6 19. Rac1 Qe7 20. Rc5 f5 21. Bxc6 Rxc6 22. Rxc6 Bxc6 23. Ne5 Bd5 24. Qh5 f6 25. Nd3 Rc8 26. Nc5 a5 27. f3 axb4 28. axb4 Rc7 29. e4 fxe4 30. fxe4 Bc4 31. Qg4+ Kf8 32. Qf4 Ra7 33. h3 Kf7 34. Rd2 Rc7 35. Qh6 Kg8 36. Rf2 f5 37. exf5 exf5 38. Rxf5 Qe1+ 39. Kh2 Rg7 40. Qf4 Rf7 41. Rg5+ Kf8 42. Qb8+ Qe8 43. Rg8+ Kxg8 44. Qxe8+ Kg7 45. Ne4 Rf8 46. Qe5+ Kg6 47. Qg5+ Kf7 48. Nd6+ Ke6 49. Nxb5 Rf7 50. Nd4+ Kd7 51. Qc5 1-0

[Event "SLO-chT (Women)"]
[Site "Bled"]
[Date "2001.11.17"]
[Round "1"]
[White "Marusic, Nada"]
[Black "Riznar, Helena"]
[Result "0-1"]
[WhiteElo "2003"]
[BlackElo "2015"]
[PlyCount "78"]
[EventDate "2001.11.18"]
[EventType "team"]
[EventRounds "5"]
[EventCountry "SLO"]
[SourceTitle "EXT 2003"]
[Source "ChessBase"]
[SourceDate "2002.11.25"]
[SourceVersion "1"]
[SourceVersionDate "2002.11.25"]
[SourceQuality "1"]

1. d4 d5 2. c4 e6 3. Nc3 Be7 4. e3 Nf6 5. Nf3 0-0 6. Bd3 b6 7. 0-0 Bb7 8. cxd5 exd5 9. Ne5 c5 10. f4 Nc6 11. Bb5 Qc7 12. Be2 Rad8 13. g4 Ne4 14. g5 Nxe5 15. dxe5 d4 16. Nxe4 Bxe4 17. Bf3 Qc6 18. Bxe4 Qxe4 19. Qf3 Qxf3 20. Rxf3 d3 21. Bd2 c4 22. Rd1 b5 23. a3 Ra8 24. h4 a5 25. f5 Bc5 26. Kf2 Rfe8 27. Bc3 b4 28. axb4 axb4 29. Bd2 Ra2 30. Rf4 c3 31. Rc4 Rxb2 32. Rxc5 Rxd2+ 33. Ke1 Re2+ 34. Kf1 Rxe3 35. Ra1 d2 36. Kf2 Rd3 37. Ke2 Rd4 38. h5 Red8 39. Rd1 Re4+ 0-1

[Event "SLO-ch (Women)"]
[Site "Grize"]
[Date "2001.10.09"]
[Round "9"]
[White "Groselj, Petra"]
[Black "Marusic, Nada"]
[Result "1/2-1/2"]
[WhiteElo "2111"]
[BlackElo "2003"]
[PlyCount "52"]
[EventDate "2001.10.01"]
[EventType "tourn"]
[EventRounds "9"]
[EventCountry "SLO"]
[SourceTitle "CBM 084 Extra"]
[Source "ChessBase"]
[SourceDate "2001.10.26"]
[SourceVersion "1"]
[SourceVersionDate "2001.10.26"]
[SourceQuality "1"]

1. e4 e6 2. e5 d5 3. exd6 Bxd6 4. d4 Nf6 5. Nf3 Nbd7 6. Bd3 e5 7. 0-0 0-0 8. Nc3 exd4 9. Nxd4 Nc5 10. Nf5 Be5 11. Qf3 Bxc3 12. bxc3 Nxd3 13. cxd3 Qd7 14. Ng3 Qg4 15. Qxg4 Bxg4 16. Rb1 b6 17. Bg5 Nd5 18. c4 Nc3 19. Rb3 Ne2+ 20. Nxe2 Bxe2 21. Re1 Bg4 22. d4 Bd7 23. d5 Rfe8 24. Rbe3 Rxe3 25. Rxe3 Re8 26. Bf4 c6 1/2-1/2

[Event "SLO-ch (Women)"]
[Site "Skofja Loka"]
[Date "2000.??.??"]
[Round "?"]
[White "Marusic, Nada"]
[Black "Krivec, Jana"]
[Result "1-0"]
[WhiteElo "2007"]
[BlackElo "2199"]
[PlyCount "83"]
[EventDate "2000.11.??"]
[EventType "swiss"]
[EventRounds "6"]
[EventCountry "SLO"]
[SourceTitle "CBM 079 Extra"]
[Source "ChessBase"]
[SourceDate "2001.01.11"]
[SourceVersion "2"]
[SourceVersionDate "2001.01.25"]
[SourceQuality "1"]

1. d4 Nf6 2. c4 g6 3. g3 Bg7 4. Nf3 0-0 5. Bg2 c5 6. 0-0 cxd4 7. Nxd4 Nc6 8. e3 a6 9. Nc3 Qc7 10. Nf3 d6 11. h3 Be6 12. Nd5 Bxd5 13. cxd5 Nb4 14. Nh2 Qc4 15. b3 Qc5 16. Ba3 Qa5 17. Bxb4 Qxb4 18. Rc1 Rfc8 19. Qe2 Rc5 20. Rc4 Qb5 21. Rfc1 Rac8 22. e4 Nd7 23. Bf1 Rxc4 24. Rxc4 Rxc4 25. bxc4 Qc5 26. Nf3 a5 27. h4 a4 28. Kh2 Nb6 29. Kg2 Qa3 30. e5 dxe5 31. Nxe5 Qd6 32. f4 a3 33. Kh2 Qb4 34. Kh3 h6 35. h5 g5 36. fxg5 hxg5 37. h6 Bf6 38. Qh5 Bxe5 39. Qxg5+ Kh7 40. Bd3+ Kh8 41. Qxe5+ f6 42. Qb8+ 1-0

[Event "SLO-chT1 (Women)"]
[Site "Bled"]
[Date "2000.??.??"]
[Round "?"]
[White "Marusic, Nada"]
[Black "Mar, Karmen"]
[Result "1/2-1/2"]
[WhiteElo "2008"]
[BlackElo "2029"]
[PlyCount "120"]
[EventDate "2000.??.??"]
[EventType "team"]
[EventRounds "9"]
[EventCountry "SLO"]
[SourceTitle "EXT 2002"]
[Source "ChessBase"]
[SourceDate "2001.11.25"]
[SourceVersion "1"]
[SourceVersionDate "2001.11.25"]
[SourceQuality "1"]

1. d4 d5 2. c4 c6 3. Nc3 Nf6 4. Nf3 g6 5. g3 Bg7 6. cxd5 cxd5 7. Bg2 0-0 8. Ne5 e6 9. 0-0 Nbd7 10. f4 Nb6 11. b3 Bd7 12. Ba3 Re8 13. e4 Rc8 14. Rc1 Bc6 15. f5 dxe4 16. fxg6 hxg6 17. g4 Bh6 18. Rc2 Be3+ 19. Kh1 Qxd4 20. Nxc6 Rxc6 21. Rxf6 Rxc3 22. Qxd4 Bxd4 23. Rxc3 Bxc3 24. Rf4 f5 25. Rf2 Rd8 26. Bf1 Rd1 27. Kg2 Rd2 28. Rxd2 Bxd2 29. gxf5 exf5 30. Bc5 Bc3 31. h4 Nc8 32. Bc4+ Kg7 33. Be6 Nb6 34. Bxb6 axb6 35. Bd5 Kh6 36. Kh3 Kh5 37. Bc4 Be1 38. Be2+ Kh6 39. Bc4 Bf2 40. a4 Be1 41. Bf1 e3 42. Be2 Kg7 43. Bf3 Bf2 44. Be2 Kf6 45. h5 g5 46. Kg2 g4 47. h6 Kg6 48. Bd3 Kxh6 49. Bxf5 Kg5 50. Be4 Bh4 51. Kf1 Kf4 52. Bxb7 g3 53. Ke2 Bg5 54. b4 Bd8 55. Bg2 Bc7 56. Bf3 Bd6 57. a5 bxa5 58. bxa5 Bc5 59. Bg2 Kg4 60. Kd3 Ba7 1/2-1/2

[Event "SLO-chT1 (Women)"]
[Site "Bled"]
[Date "2000.??.??"]
[Round "?"]
[White "Nadvesnik, Vilma"]
[Black "Marusic, Nada"]
[Result "0-1"]
[WhiteElo "2005"]
[BlackElo "2008"]
[PlyCount "130"]
[EventDate "2000.??.??"]
[EventType "team"]
[EventRounds "9"]
[EventCountry "SLO"]
[SourceTitle "EXT 2002"]
[Source "ChessBase"]
[SourceDate "2001.11.25"]
[SourceVersion "1"]
[SourceVersionDate "2001.11.25"]
[SourceQuality "1"]

1. e4 e6 2. d4 d5 3. e5 c5 4. c3 Nc6 5. Nf3 Qb6 6. a3 cxd4 7. cxd4 f6 8. exf6 Nxf6 9. b4 Bd6 10. Nc3 0-0 11. Be3 a6 12. Be2 Qc7 13. Rc1 Ng4 14. Qd3 Nxe3 15. fxe3 Bd7 16. 0-0 Qd8 17. e4 Bf4 18. Rcd1 Ne7 19. Nd2 dxe4 20. Qxe4 Qc7 21. Bd3 Ng6 22. Ne2 Bxh2+ 23. Kh1 Bf4 24. Nf3 Rf5 25. Kg1 Raf8 26. Nxf4 Rxf4 27. Qe1 Ne7 28. Ng5 Rxf1+ 29. Bxf1 Qd6 30. Bc4 Nd5 31. Qe4 Rf5 32. Qh4 Nf6 33. Ne4 Nxe4 34. Qxe4 Rh5 35. Re1 Rh6 36. Qe5 Qxe5 37. Rxe5 Kf7 38. Rc5 Ke7 39. Rc7 b5 40. Ba2 Rh4 41. d5 exd5 42. Bxd5 Kd6 43. Ra7 Kxd5 44. Rxd7+ Kc4 45. Rxg7 Kb3 46. Rg3+ Ka4 47. Re3 h5 48. Rf3 Rc4 49. Rh3 h4 50. Kh2 Rg4 51. Rf3 Rg3 52. Rxg3 hxg3+ 53. Kxg3 Kxa3 54. Kf4 Kxb4 55. g4 Kc5 56. Ke5 b4 57. g5 b3 58. g6 b2 59. g7 b1Q 60. g8Q Qe1+ 61. Kf5 Qf2+ 62. Ke4 Qd4+ 63. Kf3 Qd3+ 64. Kf4 Qc4+ 65. Qxc4+ Kxc4 0-1